000 00514nam a2200193Ia 4500
003 OSt
005 20221007083120.0
006 a|||||r|||| 00| 0
007 ta
008 221006b |||||||| |||| 00| 0 eng d
024 _a24,067
037 _cDissertations
040 _aFLL
_cFLL
_beng
041 _2eng
_aeng
100 _aThapa Kanak Bikram
_9566595
245 0 _aPrinciple of nemo judex in causa sua. (Rule against bias).
942 _cDIS
_2CC
999 _c1168860
_d1168860